Diversidad cultural y fracaso escolar: educación intercultural. De la teoría a la práctica
Guardat en:
| Autors principals: | , , , |
|---|---|
| Format: | Llibre |
| Idioma: | espanyol |
| Publicat: |
Rosario
IRICE
2000
|
| Matèries: | |
| Etiquetes: |
Afegir etiqueta
Sense etiquetes, Sigues el primer a etiquetar aquest registre!
|
MARC
| LEADER | 00000cam a2200000 a 4500 | ||
|---|---|---|---|
| 001 | UCF0969 | ||
| 003 | CL-VaPUC | ||
| 008 | 120614e20000000AG |||||||||||||||||spa|d | ||
| 020 | |a 9879780019 | ||
| 082 | 0 | 4 | |a 306.4 |b SAG |2 21 |
| 100 | 0 | |a Sagastizabal, María de los Angeles |e author |9 562643 | |
| 700 | 0 | |a San Martín, Patricia |e author |9 562644 | |
| 700 | 0 | |a Perlo, Claudia L |e author |9 562645 | |
| 700 | 0 | |a Pivetta, Bibiana |e author |9 562646 | |
| 245 | 1 | 0 | |a Diversidad cultural y fracaso escolar: educación intercultural. De la teoría a la práctica |
| 300 | |a 285 P | ||
| 942 | |c BK | ||
| 945 | |d 20120614 00:00:00 |a dcastane | ||
| 260 | |a Rosario |b IRICE |c 2000 | ||
| 650 | 0 | |a Desarrollo económico y social |9 256320 | |
| 650 | 0 | |a Desarrollo cultural |9 267526 | |
| 650 | 0 | |a Cambio social |9 256857 | |
| 650 | 0 | |a Sociología de la educación |9 260380 | |
| 650 | 0 | |a Diversidad cultural |9 473079 | |
| 583 | |a last modification |c 20130325 04:41:06 |k Rodrigo Vera | ||
| 999 | |c 348000 |d 347998 | ||
| 952 | |0 0 |1 0 |4 0 |6 306_400000000000000_SAG_2000 |7 0 |8 A |9 449842 |a BIBEDU |b BIBEDU |d 2019-11-22 |i 4838866 |l 1 |o 306.4 SAG 2000 |p 4838866 |r 2022-12-12 |s 2022-11-10 |w 2019-11-22 |y BK |k EPE | ||